000 00866nas a2200289 4500
001 BR8405149
003 BR-BrBNA
005 20231205090026.0
007 ta
008 230509b bl.|||p| |||| 00| 00por d
040 _aBR-BrBNA
_bpor
_cBiblioteca Nacional de Agricultura
041 _a(Pt)
072 _aF08; F01; H10
100 1 _aSouza Filho, B.F. de
245 1 _aConsorcio feijao x cana-de-acucar
650 _aCONSORCIACAO DE CULTURA
650 _aFEIJAO
650 _aCANA DE ACUCAR
650 _aPLANTIO
650 _aVARIEDADE
650 _aHERBICIDA
650 _aPRAGA DE PLANTA
650 _aDOENCA DE PLANTA
773 0 _tInforme Agropecuario - Empresa de Pesquisa Agropecuaria de Minas Gerais (Brazil)
_xISSN 0100-3364
_g(Oct 1984), v. 10(118) p. 34-39
_wBR8405149
909 _a202311
_bLúcia
_c55
_dLúcia Elande
942 _2AGRIS
_n0
_cANA
999 _c115613
_d115613